000 00808nam a22002897a 4500
001 5294
003 FISKH
005 20241125090323.0
008 241125b cb ||||| |||| 00| 0 eng d
020 _a9780618933068
040 _aFISKH
_beng
_cFISKH
_dFISKH
050 _aPZ7.S2744
082 _a420
100 _aSay, Allen
_d(1937-)
245 _aThe lost lake /
_cAllen Say
250 _a1989
260 _aNew York :
_bHoughton,
_c1989.
300 _a32 pages :
_bColor illustrations ;
_c23 cm
505 _aN
520 _aA young boy and his father become closer friends during a camping trip in the mountains.
521 8 _a540L
_bLexile
521 8 _aN
_bRaz-Plus
650 _2Camping
_aPicture book
650 _2Realistic fiction
_aHiking
942 _2ddc
_cBK
_n0
999 _c5294
_d5294